000 00307nam a22001217a 4500
040 _cHS
082 _a338 ALL 1994 C086
100 _aALLAN N. RAE
245 _aAgricultural management economics : activity analysis and decision making
260 _aUK
_bALLAN N. RAE
_c1994
300 _a358p;
942 _cEK
999 _c11079
_d11079